| 000 | 01011nam a2200325 a 4500 | ||
|---|---|---|---|
| 001 | vtls000081393 | ||
| 003 | NLI | ||
| 005 | 20210601194430.0 | ||
| 008 | 101125s2001 enk 001 0 eng | ||
| 020 |
_a075461378X : _cPND 45.00 |
||
| 039 | 9 |
_y201011250852 _zVLOAD |
|
| 040 | 0 |
_aNLI _beng _cEntertech-2003 _eAACR2 |
|
| 041 | 0 | _aeng | |
| 044 | _aenk | ||
| 082 | 0 | 4 | _a121.68 |
| 100 | 1 |
_aDurrant, Michael _9187225 |
|
| 245 | 1 | 0 |
_aSortals and the subject-predicate distinction / _cMichael Durrant ; edited by Stephen Horton |
| 260 |
_aAldershot : _bAshgate, _cc2001 |
||
| 300 |
_axvi, 316 p. ; _c24 cm. |
||
| 504 | _aIncludes bibliographical references and index | ||
| 650 | 0 |
_aPredicate (Logic) _9136400 |
|
| 650 | 0 |
_aLanguage and logic _937396 |
|
| 650 | 0 |
_aSemantics (Philosophy) _9135627 |
|
| 700 | 1 |
_aHorton, Stephen, _4edt _9187226 |
|
| 887 | _a | ||
| 901 |
_a539643 _b21.12.1901 |
||
| 902 | _aE121.68 D937 | ||
| 949 |
_AVIRTUAITEM _D10000 _X100 _6PUR000539643ENG |
||
| 942 |
_2ddc _cBKS |
||
| 999 |
_aVIRTUA00 _c85437 _d85437 |
||